000 00497nam a2200181Ia 4500
003 GCL
008 140319s9999 xx 000 0 eng d
040 _aGCL /
_cGCL
082 0 4 _a780.92
_bB M
100 1 _aBREUNING, GERHARD VON
245 1 0 _aMEMORIES OF BEETHOVEN /
_cBREUNING, GERHARD VON
260 _a[S.N] :
_bCAMBRIDGE UNIVERSITY PRESS ،
_c1995
300 _a154
650 0 4 _aMUSIC
650 0 4 _aBEETHOVEN, LUDWING VAN
650 0 4 _aCOMPOSERS, AUSTRIA - BIOGRAPHY
942 _2ddc
_cBK
999 _c25357
_d25357